101 award winning projects alumni SPA-Delhi -Vol-2 (Record no. 13432)

000 -LEADER
fixed length control field 00278nam a2200109 4500
008 - FIXED-LENGTH DATA ELEMENTS--GENERAL INFORMATION
fixed length control field 250523b ||||| |||| 00| 0 eng d
082 ## - DEWEY DECIMAL CLASSIFICATION NUMBER
Classification number 720.8
245 ## - TITLE STATEMENT
Title 101 award winning projects alumni SPA-Delhi -Vol-2
260 ## - PUBLICATION, DISTRIBUTION, ETC. (IMPRINT)
Place of publication, distribution, etc 2021
Name of publisher, distributor, etc Copal publishing
300 ## - PHYSICAL DESCRIPTION
Extent 178p;
942 ## - ADDED ENTRY ELEMENTS (KOHA)
Source of classification or shelving scheme
Holdings
Withdrawn status Lost status Source of classification or shelving scheme Damaged status Koha normalized classification for sorting Not for loan Permanent location Current location Date acquired Full call number Barcode Date last seen Price effective from Koha item type
        720_800000000000000   BMS College of Architecture, Design and Planning BMS College of Architecture, Design and Planning 2025-05-23 720.8 AR-UG4670 2025-05-23 2025-05-23 UG Books
Copyright © 2025, The Librarian, Library and Information Centre, BMSCA D&P, Bengaluru. All Rights Reserved
web counter

Powered by Koha